000 00755cam a2200241 a 4500
001 sa 68009393
003 DLC
005 20260227112542.0
008 980904s1957 ii 000 0 tam
010 _asa 68009393
040 _aDLC
_cDLC
_dDLC
043 _aa-ii---
050 0 0 _aJQ220.L3
_bN37
100 1 _aNetuñcel̲iyan̲, Irā.,
_d1920-
245 1 0 _aMol̲ip pōrāṭṭam /
_cIrā. Neṭuñcel̲iyan̲.
260 _aTirucci :
_bTirāviṭap Pan̲n̲ai,
_c[19]48.
300 _a96 p. ;
_c18 cm.
546 _aIn Tamil.
520 _aOn the struggle for language supermacy between Hindi and Tamil.
650 0 _aLanguage and languages
_zIndia
_zTamil Nadu.
650 0 _aHindi language
_xComparison.
650 0 _aTamil language
_xComparison.
999 _c82902
_d82902